000 00899nam a2200229 a 4500
001 000022616
005 20200930021711.0
008 101014s2006 ve b 000 0 spa d
020 _a980276423X
040 _aDO-SdBNP
_bspa
_cBNPHU
082 _axxxx
_bM332m
100 1 _aMaría Antepara, José
_946536
245 1 0 _aMiranda y la emancipación suramericana /
_cJos María Antepara ; prólogo Carmen Bohórquez ; traducción y notas Amelia Hernández y Andrés Cardinale.
260 _aCaracas :
_bFundación Biblioteca Ayacucho,
_c2006.
300 _a311 p. ;
_c23 cm.
500 _aIncluye datos biográficos de la autora en la solapa de la cubierta
504 _aIncluye referencias bibliográficas y notas al pie de las páginas
700 1 _aBohórquez, Carmen,
_epról.
_946537
700 1 _aHernández, Amelis
_etr.
_946538
700 1 _aCardinale, Andrés,
_etr.
_946539
049 _aBNPD
999 _c22113
_d22113